00610cam a22002537a 4500003000500000005001700005008004100022010001000063011001000073035001000083040000900093082001500102110000800117245005600125260002300181300001600204410000800220490003700228650001100265700001800276700001700294810000800311830003700319CHAP20220817043136.0971013s1987 r 00010 d a66699 a67671 a77142 cCHAP a631.2bF36 aFAO 0aConstruction and operation of small solid wall-bins aRome :bFAO,c1987 a68 p. ilus. aFAO 0aFAO. Servicios agrícolasv; 6914aSilos.0 aBodholt, Ole.0 aDiop, Aliou.0 aFAO00aFAO. Servicios agrícolasv; 69